000 01155nam a2200313 a 4500
001 000109034
003 CHAP
005 20220329144034.0
008 140331s2013 mx | |sm |||||||spa|d
010 _a105496
011 _a106468
040 _cCHAP
090 _aTesis
100 0 0 _aCuevas Reyes, Venancio
_930181
245 1 0 _aAsistencia Técnica, capital humano y su interrelación con la innovación tecnológica pecuaria en Sinaloa, México
_h[En línea]
_cpor Venancio Cuevas Reyes.
260 _aChapingo, Méx. :
_bEl autor,
_c2013.
500 _aPara ver el contenido del material haga clic en la liga
502 _aTesis (Ph.D. en Problemas Económico Agroindustriales) -- UACH. CIESTAAM
590 _aBATCH-UPD
_b05
_c20141002
_lUCH01
_h0859
590 _aE792CSJ
_b05
_c20140331
_lUCH01
_h0925
590 _aE792CSJ
_b05
_c20140331
_lUCH01
_h0925
650 1 4 _aExtensión ganadera
_xMéxico.
_939203
650 1 4 _aGanadería
_xInnovaciones tecnológicas.
_944755
650 1 4 _aGanadería
_xSinaloa.
_944847
856 _aFinding aid
_uhttp://10.13.5.2/tesis/sist109034.pdf
_zTeclea aquí
901 _aBK
942 _cTESIS
942 _n0
999 _c105496
_d105496